La creatividad como proceso participativo y distribuido. Implicación en las aulas.

Saved in:
Bibliografiske detaljer
Hovedforfatter: Clapp, Edward P.
Format: Ukendt
Sprog:engelsk
Udgivet: Madrid, España. Narcea, S.A. de ediciones, 2018
Fag:
Tags: Tilføj Tag
Ingen Tags, Vær først til at tagge denne postø!

MARC

LEADER 00000 a2200000 4500
003 CL-VaPUC
005 20211122154758.0
008 211026b2018 ||||| |||| 00| 0 eng d
999 |c 433765  |d 433763 
020 |a 978-84-277-2431-0 
040 |c Pontificia Universidad Católica de Valparaíso 
082 |a 370.157 CLA 2018 
100 1 |a Clapp, Edward P.   |9 863779 
245 |a La creatividad como proceso participativo y distribuido.   |b Implicación en las aulas. 
260 |a Madrid, España.  |b Narcea, S.A. de ediciones,   |c 2018 
300 |a 199 páginas  
583 |k Cristina María Rojas Aguilar  |c 20211026 
650 |a Capacidad creativa  |x Estudio y docencia  |9 863897 
942 |2 ddc  |c BK 
952 |0 0  |1 0  |2 ddc  |4 0  |6 370_157000000000000_CLA_2018  |7 0  |8 A  |9 579046  |a BIBHIS  |b BIBHIS  |d 2021-10-26  |e 52  |g 17654.98  |i 5589584  |o 370.157 CLA 2018  |p 5589584  |r 2025-01-20  |t 1  |v 17654.98  |w 2021-10-26  |y BK  |k HIS